Представление документа в формате MARC21

ПолеНазваниеЗначение
  Тип записи a
  Библиографический уровень m
001 Контрольный номер RU\infra-m\znanium\bibl\2228134
005 Дата корректировки 20260429142107.9
008 Кодируемые данные 260216s2025 RU g rus u
020 Индекс ISBN __
a ISBN 978-5-16-021509-9
020 Индекс ISBN __
a ISBN 978-5-16-114360-5 (электр. издание)
040 Источник каталогиз. __
a Служба первич. каталог. Общество с ограниченной ответственностью «ЗНАНИУМ»
041 Код языка издания __
a Код языка текста rus
044 Код страны публикации __
a Код страны публикации RU
080 Индекс УДК __
a Индекс УДК 004.8+33(075.4)
084 Индекс другой классификации/Индекс ББК __
2 Источник индекса rubbk
a Индекс другой классификации/Индекс ББК 16.6:65
084 Индекс другой классификации/Индекс ББК __
2 Источник индекса okso
a Индекс другой классификации/Индекс ББК 01.04.02
084 Индекс другой классификации/Индекс ББК __
2 Источник индекса okso
a Индекс другой классификации/Индекс ББК 02.04.02
084 Индекс другой классификации/Индекс ББК __
2 Источник индекса okso
a Индекс другой классификации/Индекс ББК 03.03.03
084 Индекс другой классификации/Индекс ББК __
2 Источник индекса okso
a Индекс другой классификации/Индекс ББК 07.04.04
084 Индекс другой классификации/Индекс ББК __
2 Источник индекса okso
a Индекс другой классификации/Индекс ББК 09.04.01
084 Индекс другой классификации/Индекс ББК __
2 Источник индекса okso
a Индекс другой классификации/Индекс ББК 09.04.03
084 Индекс другой классификации/Индекс ББК __
2 Источник индекса okso
a Индекс другой классификации/Индекс ББК 11.03.01
084 Индекс другой классификации/Индекс ББК __
2 Источник индекса okso
a Индекс другой классификации/Индекс ББК 12.04.01
084 Индекс другой классификации/Индекс ББК __
2 Источник индекса okso
a Индекс другой классификации/Индекс ББК 16.04.03
084 Индекс другой классификации/Индекс ББК __
2 Источник индекса okso
a Индекс другой классификации/Индекс ББК 19.04.02
084 Индекс другой классификации/Индекс ББК __
2 Источник индекса okso
a Индекс другой классификации/Индекс ББК 24.04.04
084 Индекс другой классификации/Индекс ББК __
2 Источник индекса okso
a Индекс другой классификации/Индекс ББК 27.04.03
084 Индекс другой классификации/Индекс ББК __
2 Источник индекса okso
a Индекс другой классификации/Индекс ББК 27.04.07
084 Индекс другой классификации/Индекс ББК __
2 Источник индекса okso
a Индекс другой классификации/Индекс ББК 27.04.08
084 Индекс другой классификации/Индекс ББК __
2 Источник индекса okso
a Индекс другой классификации/Индекс ББК 37.03.01
084 Индекс другой классификации/Индекс ББК __
2 Источник индекса okso
a Индекс другой классификации/Индекс ББК 37.04.01
084 Индекс другой классификации/Индекс ББК __
2 Источник индекса okso
a Индекс другой классификации/Индекс ББК 45.04.04
100 Автор __
a Автор Лапидус Л.В.
q Полное имя Лапидус Лариса Владимировна
u Дополнение Московский государственный университет им. М.В. Ломоносова, экономический факультет
245 Заглавие __
a Заглавие Прикладной искусственный интеллект и цифровая трансформация бизнеса
b Продолж. заглавия Книга 1. Эпоха цифровой экономики, экономики данных, ИИ-трансформации и Индустрии Х.О.; Монография
c Ответственность Московский государственный университет им. М.В. Ломоносова, экономический факультет
250 Сведения об издании __
a Основные сведения об издании 1
260 Выходные данные __
a Место издания Москва
b Издательство ООО "Научно-издательский центр ИНФРА-М"
c Дата издания 2026
300 Физическое описание __
a Объем 501 с.
440 Серия __
a Серия Научная мысль
520 Аннотация __
a Аннотация Монография «Прикладной искусственный интеллект и цифровая трансформация бизнеса» посвящена одной из самых молодых и практико-ориентированных областей научных знаний. В ней раскрыта сущность прикладного искусственного интеллекта (ИИ). Представлены принципы и особенности цифровой трансформации бизнеса в разных отраслях экономики описаны ожидаемые и реальные эффекты достигнутые результаты при управлении цифровой трансформацией и проектным портфелем в условиях активного развития разных классов решений ИИ. Особое внимание уделено ИИ-трансформации бизнеса и выявлению зон прикладного ИИ для достижения бизнесом качественных сдвигов. Стержневой основой монографии являются теоретические положения и практические рекомендации по управлению цифровой трансформацией бизнеса с ориентацией на повышение конкурентоспособности и достижение лидерства с учетом угроз и новых возможностей ИИ. Монография состоит из трех книг. Первая книга раскрывает особенности эпохи цифровой экономики экономики данных ИИ-трансформации и Индустрии Х.0. Вторая книга посвящена ИИ-трансформации и роботизации в отраслях экономики. В третьей книге изложены технологические тренды стратегии лидерства и профессии будущего. Автор опирается на результаты собственных научных исследований многолетнюю практику консультирования управленческих команд российских и зарубежных компаний по вопросам разработки корпоративных стратегий развития стратегий цифровой трансформации бизнеса в условиях высокой турбулентности определения архитектуры бизнеса сборки новых бизнес-моделей и проектных портфелей установления соответствующих им KPI. Предназначена для широкого круга читателей. Будет полезна практикам бизнеса руководителям специалистам экспертам всем кого интересуют происходящие в настоящее время трансформации связанные с эволюцией цифровых технологий наращиванием зрелости технологий ИИ генеративного ИИ с учетом трендов развития цифровой экономики цифровой трансформации на период до 2050 года.
521 Примеч. о цел. назн. __
a Примеч. о целев. назн. Дополнительное профессиональное образование
650 Тематические рубрики __
a Основная рубрика Информатика. Вычислительная техника
x Основная подрубрика Информационные технологии в экономике и управлении
655 Указ. предметных рубрик (устаревшее) __
a Жанр/ форма (устаревшее) Монография
856 Электронный адрес документа 4_
a Имя сервера/домена znanium.ru
m Помощь ebs_support@infra-m.ru
n Местонахождение сервера НИЦ ИНФРА-М
u URL https://znanium.ru/catalog/document?id=474739
856 Электронный адрес документа 48
a Имя сервера/домена znanium.ru
d Путь /cover/2228
f Электронное имя 2228134.jpg
q Тип электронного формата image/jpeg
u URL https://znanium.ru/cover/2228/2228134.jpg
911 __
u 0030=https://znanium.ru/catalog/document?id=474739